|
|
|
|
| LEADER |
00000nam0a2200000 4500 |
| 001 |
93789 |
| 005 |
20231031105351.0 |
| 035 |
|
|
|a (RuTPU)RU\TPU\book\100427
|
| 090 |
|
|
|a 93789
|
| 100 |
|
|
|a 20060403d1965 m y0rusy50 ca
|
| 101 |
0 |
|
|a rus
|
| 102 |
|
|
|a RU
|
| 105 |
|
|
|a a z 001zy
|
| 200 |
1 |
|
|a Автоматизация и телемеханизация мелиоративных систем
|f М. З. Ганкин
|
| 210 |
|
|
|a Москва
|c Колос
|d 1965
|
| 215 |
|
|
|a 344 с.
|c ил.
|
| 320 |
|
|
|a Библиография в конце книги.
|
| 610 |
1 |
|
|a элементы
|
| 610 |
1 |
|
|a устройства
|
| 610 |
1 |
|
|a автоматика
|
| 610 |
1 |
|
|a водораспределение
|
| 610 |
1 |
|
|a гидротехнические сооружения
|
| 610 |
1 |
|
|a водозаборы
|
| 610 |
1 |
|
|a орошение
|
| 610 |
1 |
|
|a насосные установки
|
| 610 |
1 |
|
|a артезианские скважины
|
| 610 |
1 |
|
|a энергоснабжение
|
| 610 |
1 |
|
|a телемеханизация
|
| 610 |
1 |
|
|a диспетчерские пункты
|
| 675 |
|
|
|a 631.6
|v 3
|
| 700 |
|
1 |
|a Ганкин
|b М. З.
|g Михаил Зеликович
|
| 801 |
|
1 |
|a RU
|b 63413507
|c 20060403
|g PSBO
|
| 801 |
|
2 |
|a RU
|b 63413507
|c 20090114
|g PSBO
|
| 942 |
|
|
|c BK
|